Skip to main content
Your cart is empty.
Your lists
Log in to create your own lists
Your cookies
العربية
English
العربية
Home
Search
Advanced search
Authority search
About
The noble scholar, jurist, historian
His Excellency Dr. Abdul Wahhab bin Ibrahim Abu Sulaiman, may Allah have mercy on him.
He was born in Umm Al-Qura in the year 1356 AH.
Library catalog
Title
Author
Subject
ISBN
ISSN
Series
Call number
Log in to your account
×
Login:
Password:
Home
MARC view: كتاب فضائل علي بن أبي طالب (ع) وكتاب الولاية/
Normal view
MARC view
ISBD view
كتاب فضائل علي بن أبي طالب (ع) وكتاب الولاية/ (Record no. 691)
[
view plain
]
MARC details
000 -LEADER
fixed length control field
01269cam a22002891i 4500
003 - CONTROL NUMBER IDENTIFIER
control field
SA-RiAUC
005 - DATE AND TIME OF LATEST TRANSACTION
control field
20240930130841.0
008 - FIXED-LENGTH DATA ELEMENTS--GENERAL INFORMATION
fixed length control field
240928s1998 xx g 000 0dara c
040 ## - CATALOGING SOURCE
Original cataloging agency
IQ-KaIHL
Language of cataloging
ara
Transcribing agency
SA-RiAUC.
Description conventions
rda
082 04 - DEWEY DECIMAL CLASSIFICATION NUMBER
Classification number
247.5
Assigning agency
SA-RiAUC
090 ## - LOCALLY ASSIGNED LC-TYPE CALL NUMBER (OCLC); LOCAL CALL NUMBER (RLIN)
Classification number (OCLC) (R) ; Classification number, CALL (RLIN) (NR)
247.5
Local cutter number (OCLC) ; Book number/undivided call number, CALL (RLIN)
ا ب ن جء
100 1# - MAIN ENTRY--PERSONAL NAME
Personal name
ابن جرير الطبري، محمد بن جرير بن يزيد،
Dates associated with a name
224-310 هجري
Relator term
مؤلف.
245 10 - TITLE STATEMENT
Title
كتاب فضائل علي بن أبي طالب (ع) وكتاب الولاية/
Statement of responsibility, etc.
تأليف محمد بن جرير بن يزيد طبرى.
250 ## - EDITION STATEMENT
Edition statement
الطبعة الأولى.
264 #1 - PRODUCTION, PUBLICATION, DISTRIBUTION, MANUFACTURE, AND COPYRIGHT NOTICE
Place of production, publication, distribution, manufacture
قم:
Name of producer, publisher, distributor, manufacturer
انتشارات دليل،
Date of production, publication, distribution, manufacture, or copyright notice
[1998]
300 ## - PHYSICAL DESCRIPTION
Extent
صفحة ؛
Dimensions
24 سم
336 ## - CONTENT TYPE
Content type term
نص
Content type code
txt
Source
rdacontent
Materials specified
كتاب
337 ## - MEDIA TYPE
Media type term
بدون وسيط
Media type code
n
Source
rdamedia
338 ## - CARRIER TYPE
Carrier type term
مجلد
Carrier type code
nc
Source
rdacarrier
600 07 - SUBJECT ADDED ENTRY--PERSONAL NAME
Personal name
علي بن أبي طالب بن عبد المطلب الهاشمي،
Dates associated with a name
23 قبل الهجرة-40 هجري
General subdivision
فضائل
Source of heading or term
aucnm
650 #7 - SUBJECT ADDED ENTRY--TOPICAL TERM
Topical term or geographic name entry element
الخلفاء الراشدون (شيعة)
General subdivision
فضائل
Source of heading or term
aucsh
650 #7 - SUBJECT ADDED ENTRY--TOPICAL TERM
Topical term or geographic name entry element
الصحابة والتابعون (شيعة)
General subdivision
فضائل
Source of heading or term
aucsh
740 02 - ADDED ENTRY--UNCONTROLLED RELATED/ANALYTICAL TITLE
Uncontrolled related/analytical title
كتاب الولاية.
740 22 - ADDED ENTRY--UNCONTROLLED RELATED/ANALYTICAL TITLE
Uncontrolled related/analytical title
الولاية.
942 ## - ADDED ENTRY ELEMENTS (KOHA)
Source of classification or shelving scheme
Dewey Decimal Classification
Koha item type
Books
Suppress in OPAC
No
949 ## - LOCAL PROCESSING INFORMATION (OCLC)
a
SA-JeALM
d
240928
u
mohamedma123
n
1
Holdings
Withdrawn status
Lost status
Source of classification or shelving scheme
Damaged status
Not for loan
Home library
Current library
Date acquired
Total checkouts
Full call number
Barcode
Date last seen
Price effective from
Koha item type
Dewey Decimal Classification
DR AbdElwahab Library
DR AbdElwahab Library
09/30/2024
247.5 ا ب ن ج
000001127
09/30/2024
09/30/2024
Books
Place hold
Print
Add to your cart
(remove)
Save record
BIBTEX
Dublin Core
MARCXML
MARC (non-Unicode/MARC-8)
MARC (Unicode/UTF-8)
MARC (Unicode/UTF-8, Standard)
MODS (XML)
RIS
ISBD
More searches
Search for this title in:
Other Libraries (WorldCat)
Other Databases (Google Scholar)
Online Stores (Bookfinder.com)
Open Library (openlibrary.org)
Exporting to Dublin Core...
×
Simple DC-RDF
OAI-DC
SRW-DC